Statistics for New Zealand's International Cricket Grounds

Click here to take the quiz!

General Stats

  • This quiz has been taken 126 times
  • The average score is 9 of 14

Answer Stats

Answer% Correct
Wellington
92%
Auckland
90%
Christchurch
84%
Eden Park
80%
Dunedin
74%
Basin Reserve
73%
Hamilton
72%
Hagley Oval
64%
Napier
64%
University Oval
49%
Seddon Park
48%
McLean Park
42%
Lancaster Park
36%
Carisbrook
31%

Score Distribution

Percentile by Number Answered

Percent of People with Each Score

Your Score History

You have not taken this quiz